Politics, ethics and social responsibilities of business (Record no. 6319)

MARC details
000 -LEADER
fixed length control field 00858 a2200205 4500
005 - DATE AND TIME OF LATEST TRANSACTION
control field 20080827102829.0
008 - FIXED-LENGTH DATA ELEMENTS--GENERAL INFORMATION
fixed length control field 080827t xxu||||| |||| 00| 0 eng d
010 ## - LCCN (DPL NO)
LC control number ENG-87260
020 ## - INTERNATIONAL STANDARD BOOK NUMBER
International Standard Book Number 8183185029
Terms of availability 175.00
035 ## - SYSTEM CONTROL NUMBER
System control number EN-70793
037 ## - SOURCE OF ACQUISITION
Source of stock number/acquisition DBAD / PUB
082 ## - DEWEY DECIMAL CLASSIFICATION NUMBER
Classification number 658.408
100 ## - MAIN ENTRY--PERSONAL NAME
Personal name Suri, R.K.
9 (RLIN) 56
245 ## - TITLE STATEMENT
Title Politics, ethics and social responsibilities of business
Statement of responsibility, etc by R.K. Suri, Parineeta Sharma [and] Sanjiv Verma
Remainder of title a text book for B.Com (Hons.)
260 ## - PUBLICATION, DISTRIBUTION, ETC. (IMPRINT)
Place of publication, distribution, etc Mumbai
Name of publisher, distributor, etc Himalaya Publishing House
Date of publication, distribution, etc 2006
270 ## - ADDRESS
Address "Ramdoot", Dr. Bhalerao Marg, Girgaon
City Mumbai
Postal code 400 004
300 ## - PHYSICAL DESCRIPTION
Extent 244p.
Dimensions 24cm (pbk )
942 ## - ADDED ENTRY ELEMENTS (KOHA)
Institution code [OBSOLETE] dpl
Item type English Books
Call number prefix 658.408 / SUR
Source of classification or shelving scheme Dewey Decimal Classification
Classification part 658.408
Call number suffix SUR
Holdings
Withdrawn status Lost status Damaged status Not for loan Home library Current library Date acquired Cost, normal purchase price Total Checkouts Full call number Barcode Date last seen Copy number Cost, replacement price Koha item type
        D.B.Act.Division D.B.Act.Division 27/08/2008 175.00   658.408 SUR EN-70793 15/09/2008 1 175.00 English Books

© Delhi Public Library
Hit Counter
free hit counter